[Event "ROM-chT (Women)"]
[Site "Oradea"]
[Date "2022.09.28"]
[Round "6.4"]
[White "Salajan, Stefania"]
[Black "Aciu, Malina Andreea"]
[Result "0-1"]
[WhiteElo "1762"]
[BlackElo "2019"]
[PlyCount "64"]
[EventDate "2022.09.23"]
[EventType "team-tourn"]
[EventRounds "7"]
[EventCountry "ROU"]
[SourceTitle "CBM 210 Extra"]
[Source "ChessBase"]
[SourceDate "2022.11.30"]
[SourceVersion "1"]
[SourceVersionDate "2022.11.30"]
[SourceQuality "1"]

1. d4 d5 2. Bf4 Nf6 3. e3 e6 4. Nc3 a6 5. Nf3 c5 6. Ne5 Nc6 7. Qd2 Qa5 8. Nxc6 bxc6 9. Ne4 Qxd2+ 10. Nxd2 a5 11. c3 a4 12. Bd3 Be7 13. h3 0-0 14. 0-0 c4 15. Bc2 c5 16. dxc5 Bxc5 17. e4 Bb7 18. exd5 Nxd5 19. Bg3 a3 20. b3 cxb3 21. Nxb3 Be7 22. Be4 Rac8 23. Rfc1 Ba6 24. Be5 Rfd8 25. Bd4 f6 26. Na5 g6 27. c4 Nf4 28. Bb6 Ne2+ 29. Kh1 Nxc1 30. Nc6 Rd1+ 31. Kh2 Bd6+ 32. g3 Bb7 0-1

[Event "ROM-chT (Women)"]
[Site "Mamaia"]
[Date "2021.10.08"]
[Round "8.2"]
[White "Aciu, Malina Andreea"]
[Black "Lehaci, Miruna Daria"]
[Result "1/2-1/2"]
[WhiteElo "2010"]
[BlackElo "2265"]
[PlyCount "65"]
[EventDate "2021.10.02"]
[EventType "team-tourn"]
[EventRounds "10"]
[EventCountry "ROU"]
[SourceTitle "CBM 204 Extra"]
[Source "ChessBase"]
[SourceDate "2021.11.30"]
[SourceVersion "1"]
[SourceVersionDate "2021.11.30"]
[SourceQuality "1"]
[WhiteTeam "Timisoara Medicina (W)"]
[BlackTeam "Bucharest ASE (W)"]
[WhiteTeamCountry "ROU"]
[BlackTeamCountry "ROU"]

1. e4 c5 2. Nf3 d6 3. d4 cxd4 4. Qxd4 Nc6 5. Qe3 g6 6. c4 Bg7 7. Nc3 Nf6 8. Be2 0-0 9. 0-0 Ng4 10. Qd2 a6 11. b3 Qa5 12. Bb2 Bd7 13. a3 Nge5 14. b4 Nxf3+ 15. Bxf3 Qe5 16. Rad1 Qd4 17. Qe2 Qf6 18. Na4 Ne5 19. Bxe5 Qxe5 20. Nb6 Rad8 21. Rd5 Qb2 22. Nxd7 Rxd7 23. Qxb2 Bxb2 24. Rb1 Bc3 25. Be2 Rc7 26. f4 Ra8 27. Rb3 Bg7 28. Kf2 b6 29. Ke3 Ba1 30. Rb1 Bg7 31. Rb3 Ba1 32. Rb1 Bg7 33. Rb3 1/2-1/2

[Event "ROM-chT (Women)"]
[Site "Mamaia"]
[Date "2021.10.07"]
[Round "6.3"]
[White "Aciu, Malina Andreea"]
[Black "Maria, Lia Alexandra"]
[Result "1-0"]
[WhiteElo "2010"]
[BlackElo "1820"]
[PlyCount "67"]
[EventDate "2021.10.02"]
[EventType "team-tourn"]
[EventRounds "10"]
[EventCountry "ROU"]
[SourceTitle "CBM 204 Extra"]
[Source "ChessBase"]
[SourceDate "2021.11.30"]
[SourceVersion "1"]
[SourceVersionDate "2021.11.30"]
[SourceQuality "1"]
[WhiteTeam "Timisoara Medicina (W)"]
[BlackTeam "Bucharest Dinamo (W)"]
[WhiteTeamCountry "ROU"]
[BlackTeamCountry "ROU"]

1. d4 Nf6 2. Bf4 e6 3. e3 c5 4. Nc3 cxd4 5. exd4 Be7 6. Nf3 d6 7. Bd3 b6 8. Qe2 Bb7 9. h4 a6 10. Ne4 Qc7 11. Nxf6+ Bxf6 12. c3 Nd7 13. Rh3 h6 14. g4 b5 15. a4 bxa4 16. Rxa4 Nb6 17. Ra3 a5 18. Kf1 0-0-0 19. Ba6 g5 20. Bd2 h5 21. Nxg5 hxg4 22. Bxb7+ Qxb7 23. Rh2 a4 24. b3 Qc7 25. Qa6+ Kd7 26. Nxf7 Bxh4 27. Nxh8 Rxh8 28. Bg5 g3 29. Rxh4 Rf8 30. Rh7+ Ke8 31. Rxc7 Rxf2+ 32. Kg1 axb3 33. Qa8+ Nxa8 34. Rxa8# 1-0

[Event "EU-Cup Online Gr-E (Women)"]
[Site "Tornelo INT"]
[Date "2020.12.20"]
[Round "6.3"]
[White "Aciu, Malina Andreea"]
[Black "Benmesbah, Natacha"]
[Result "1/2-1/2"]
[WhiteElo "2091"]
[BlackElo "2223"]
[PlyCount "69"]
[EventDate "2020.12.19"]
[EventType "team-tourn (rapid)"]
[EventRounds "9"]
[EventCountry "ISS"]
[SourceTitle "CBM 199 Extra"]
[Source "ChessBase"]
[SourceDate "2021.01.31"]
[SourceVersion "1"]
[SourceVersionDate "2021.01.31"]
[SourceQuality "1"]
[WhiteTeam "Timisoara Medicina (W)"]
[BlackTeam "Clichy Echecs 92 (W)"]
[WhiteTeamCountry "ROU"]
[BlackTeamCountry "FRA"]

1. e4 c5 2. Nc3 Nc6 3. Bb5 Nd4 4. Bc4 e6 5. Nge2 a6 6. Nxd4 cxd4 7. Ne2 b5 8. Bb3 Bb7 9. d3 Qb6 10. 0-0 Nf6 11. a4 Be7 12. Ng3 0-0 13. f4 d5 14. e5 Nd7 15. a5 Qc7 16. Qg4 f5 17. exf6 Rxf6 18. Bd2 Raf8 19. f5 e5 20. Bg5 R6f7 21. Bxe7 Rxe7 22. Qh4 Nf6 23. Ne4 Nxe4 24. dxe4 Rf6 25. exd5 Qd6 26. Qe4 Kh8 27. Rae1 Bc8 28. h3 Rf8 29. Kh1 Bb7 30. c3 dxc3 31. bxc3 Qc5 32. Qh4 Qd6 33. Qe4 Qc5 34. Qh4 Qd6 35. Qe4 1/2-1/2

[Event "EU-Cup Online Gr-E (Women)"]
[Site "Tornelo INT"]
[Date "2020.12.20"]
[Round "8.4"]
[White "Aciu, Malina Andreea"]
[Black "Ince, Safiye Oyku"]
[Result "1/2-1/2"]
[WhiteElo "2091"]
[BlackElo "1995"]
[PlyCount "102"]
[EventDate "2020.12.19"]
[EventType "team-tourn (rapid)"]
[EventRounds "9"]
[EventCountry "ISS"]
[SourceTitle "CBM 199 Extra"]
[Source "ChessBase"]
[SourceDate "2021.01.31"]
[SourceVersion "1"]
[SourceVersionDate "2021.01.31"]
[SourceQuality "1"]
[WhiteTeam "Timisoara Medicina (W)"]
[BlackTeam "Anatolia Red (W)"]
[WhiteTeamCountry "ROU"]
[BlackTeamCountry "TUR"]

1. e4 c5 2. Nc3 e6 3. g3 Nc6 4. Bg2 g6 5. d3 Bg7 6. Be3 d6 7. Qd2 Nd4 8. Nd1 Rb8 9. c3 Nc6 10. Ne2 b5 11. 0-0 Nge7 12. d4 cxd4 13. cxd4 d5 14. e5 Nf5 15. g4 Nxe3 16. Qxe3 h5 17. g5 Ne7 18. Qf4 Nf5 19. Ne3 Ba6 20. Nxf5 gxf5 21. b4 Bf8 22. a3 h4 23. Qe3 Be7 24. f4 Rc8 25. Rfc1 Rc4 26. Rxc4 bxc4 27. Nc3 Bc8 28. Rb1 Bd7 29. a4 Qb6 30. a5 Qa6 31. h3 Bb5 32. Kh2 Qc6 33. Bf3 a6 34. Bd1 Kd7 35. Bc2 Kc7 36. Qe1 Kb7 37. Qd1 Qe8 38. Ba4 Qc6 39. Bxb5 axb5 40. Qe1 Ka6 41. Qd2 Qd7 42. Qe1 Qe8 43. Qd2 Qf8 44. Ne2 Qg7 45. Ng1 Rc8 46. Qc3 Qh7 47. Nf3 Qh5 48. Kg2 Rh8 49. Kh2 Rc8 50. Kg2 Rh8 51. Kh2 Rc8 1/2-1/2

[Event "EU-Cup Online Gr-E (Women)"]
[Site "Tornelo INT"]
[Date "2020.12.20"]
[Round "7.1"]
[White "Ragger, Anna Christina"]
[Black "Aciu, Malina Andreea"]
[Result "1-0"]
[WhiteElo "2204"]
[BlackElo "2091"]
[PlyCount "73"]
[EventDate "2020.12.19"]
[EventType "team-tourn (rapid)"]
[EventRounds "9"]
[EventCountry "ISS"]
[SourceTitle "CBM 199 Extra"]
[Source "ChessBase"]
[SourceDate "2021.01.31"]
[SourceVersion "1"]
[SourceVersionDate "2021.01.31"]
[SourceQuality "1"]
[WhiteTeam "Hamburger SK (W)"]
[BlackTeam "Timisoara Medicina (W)"]
[WhiteTeamCountry "GER"]
[BlackTeamCountry "ROU"]

1. d4 d5 2. Bf4 Nf6 3. e3 e6 4. Nd2 Bd6 5. Bg3 0-0 6. c3 b6 7. Bd3 Bb7 8. Ngf3 Ne4 9. 0-0 Nd7 10. Qe2 f5 11. Bxd6 cxd6 12. Ne1 e5 13. f3 Ng5 14. Ba6 Bxa6 15. Qxa6 Rf6 16. Qb7 Nf7 17. Qxd5 Rh6 18. e4 f4 19. dxe5 dxe5 20. Nc4 Rc8 21. Rd1 Qf8 22. Rf2 Nf6 23. Qb5 Rc5 24. Qb3 b5 25. Nd6 Ne8 26. Nxf7 Qxf7 27. Qxf7+ Kxf7 28. Nd3 Rd6 29. Rfd2 Rc7 30. Nxe5+ Ke6 31. Nd3 g5 32. e5 Ra6 33. Nb4 Ra4 34. Rd8 Ng7 35. R1d6+ Kxe5 36. Nd3+ Kf5 37. Rf8+ 1-0

[Event "EU-Cup Online Gr-E (Women)"]
[Site "Tornelo INT"]
[Date "2020.12.19"]
[Round "3.3"]
[White "Petrovska, Katerina"]
[Black "Aciu, Malina Andreea"]
[Result "0-1"]
[WhiteElo "1904"]
[BlackElo "2091"]
[PlyCount "46"]
[EventDate "2020.12.19"]
[EventType "team-tourn (rapid)"]
[EventRounds "9"]
[EventCountry "ISS"]
[SourceTitle "CBM 199 Extra"]
[Source "ChessBase"]
[SourceDate "2021.01.31"]
[SourceVersion "1"]
[SourceVersionDate "2021.01.31"]
[SourceQuality "1"]
[WhiteTeam "Gambit Asseco See (W)"]
[BlackTeam "Timisoara Medicina (W)"]
[WhiteTeamCountry "MKD"]
[BlackTeamCountry "ROU"]

1. d4 d5 2. Nc3 Nf6 3. Bf4 e6 4. Nb5 Na6 5. e3 c6 6. Nc3 Nc7 7. Nf3 Bd6 8. Ne5 0-0 9. g4 c5 10. h4 b5 11. f3 b4 12. Ne2 Bb7 13. Bh3 Nfe8 14. g5 Bxe5 15. Bxe5 Nd6 16. Ng3 Nc4 17. Kf2 Nxb2 18. Qc1 Nc4 19. Bxg7 Kxg7 20. Qg1 Kh8 21. Nh5 cxd4 22. exd4 Nb5 23. Qg4 Qb6 0-1

[Event "Arad op 12th"]
[Site "Arad"]
[Date "2019.07.25"]
[Round "3"]
[White "Aciu, Malina Andreea"]
[Black "Ahlander, Bjorn"]
[Result "1/2-1/2"]
[WhiteElo "2047"]
[BlackElo "2391"]
[PlyCount "121"]
[EventDate "2019.07.24"]
[EventType "swiss"]
[EventRounds "9"]
[EventCountry "ROU"]
[SourceTitle "CBM 191 Extra"]
[Source "ChessBase"]
[SourceDate "2019.09.30"]
[SourceVersion "1"]
[SourceVersionDate "2019.09.30"]
[SourceQuality "1"]

1. e4 c5 2. Nf3 d6 3. d4 cxd4 4. Nxd4 Nf6 5. Nc3 g6 6. f3 Bg7 7. Be3 0-0 8. Qd2 Nc6 9. 0-0-0 d5 10. exd5 Nxd5 11. Nxc6 bxc6 12. Bd4 Bxd4 13. Qxd4 Qb6 14. Nxd5 cxd5 15. Qxb6 axb6 16. a3 e6 17. h4 h5 18. Be2 Ba6 19. Bxa6 Rxa6 20. Rd4 Rc8 21. Re1 b5 22. c3 Rc4 23. Red1 Kg7 24. Kc2 Kf6 25. g4 Ra8 26. Kd3 Rh8 27. Rh1 Ke5 28. Ke3 hxg4 29. fxg4 g5 30. h5 f5 31. Rg1 Kf6 32. Rf1 Rd8 33. Kd3 f4 34. b3 Rc5 35. a4 Rdc8 36. Rc1 e5 37. Rb4 bxa4 38. Rxa4 Rb8 39. Ra6+ Kf7 40. Ra7+ Kg8 41. Rb1 Rbc8 42. Rc1 Rb5 43. Rb1 f3 44. b4 Rb6 45. b5 e4+ 46. Kd2 Re6 47. b6 e3+ 48. Kd3 Rb8 49. b7 Ree8 50. Ra8 Rxa8 51. bxa8Q Rxa8 52. Kxe3 Rc8 53. Rc1 Rf8 54. Rf1 Rf4 55. Rxf3 Rxg4 56. Rf5 Kg7 57. Kf3 Rg1 58. Kf2 Rg4 59. Kf3 Rg1 60. Kf2 Rg4 61. Kf3 1/2-1/2

[Event "ROM-ch (Women)"]
[Site "Olanesti"]
[Date "2019.03.06"]
[Round "5"]
[White "Aciu, Malina Andreea"]
[Black "Peptan, Corina Isabela"]
[Result "1/2-1/2"]
[WhiteElo "1980"]
[BlackElo "2374"]
[PlyCount "141"]
[EventDate "2019.03.02"]
[EventType "swiss"]
[EventRounds "9"]
[EventCountry "ROU"]
[SourceTitle "CBM 189 Extra"]
[Source "ChessBase"]
[SourceDate "2019.06.03"]
[SourceVersion "1"]
[SourceVersionDate "2019.06.03"]
[SourceQuality "1"]

1. e4 e6 2. d4 d5 3. Nd2 c5 4. exd5 exd5 5. Bb5+ Nc6 6. Qe2+ Qe7 7. dxc5 Qxe2+ 8. Nxe2 Bxc5 9. Nb3 Bb6 10. a4 a6 11. Bxc6+ bxc6 12. a5 Ba7 13. Be3 Bxe3 14. fxe3 Ke7 15. Nc5 Rb8 16. Rb1 Nf6 17. Nd4 Kd6 18. b4 Re8 19. Kd2 Ng4 20. Rb3 Ne5 21. Re1 Nc4+ 22. Kd3 Ra8 23. h3 f5 24. Rc3 Ra7 25. Rxc4 dxc4+ 26. Kxc4 Rae7 27. Kd3 g5 28. c4 Kc7 29. Na4 g4 30. hxg4 fxg4 31. Nc3 Kb7 32. g3 Re5 33. e4 Rf8 34. Na4 Rf2 35. Nc5+ Kc7 36. Rh1 h5 37. Ke3 Rf8 38. Nd3 Rg5 39. Nf4 Kd6 40. c5+ Kd7 41. Nde6 Rxf4 42. Nxf4 Ke7 43. Rxh5 Rg7 44. Rh6 Bd7 45. e5 Be8 46. Re6+ Kf8 47. Rd6 Rb7 48. Rd4 Ke7 49. Ke4 Bd7 50. Nh5 Rb8 51. Nf6 Be6 52. Kf4 Rf8 53. Ke3 Rh8 54. Nxg4 Rh5 55. Rf4 Rg5 56. Kf3 Bd5+ 57. Kf2 Be6 58. Ne3 Rxe5 59. g4 Rg5 60. Kf3 Rg8 61. Nf5+ Kd7 62. Rd4+ Bd5+ 63. Kf4 Ke6 64. Rd1 Rb8 65. Rd4 Rf8 66. Rd2 Rb8 67. Rd4 Rf8 68. Rd1 Rb8 69. Rd4 Rf8 70. Rd2 Rb8 71. Rd4 1/2-1/2

[Event "Bucharest Romgaz blitz op"]
[Site "Bucharest"]
[Date "2018.11.21"]
[Round "2"]
[White "Lupulescu, Constantin"]
[Black "Aciu, Malina Andreea"]
[Result "1-0"]
[WhiteElo "2601"]
[BlackElo "1976"]
[PlyCount "54"]
[EventDate "2018.11.21"]
[EventType "swiss (blitz)"]
[EventRounds "11"]
[EventCountry "ROU"]
[SourceTitle "CBM 187 Extra"]
[Source "ChessBase"]
[SourceDate "2018.11.04"]
[SourceVersion "1"]
[SourceVersionDate "2018.11.04"]
[SourceQuality "1"]

1. d4 Nf6 2. c4 e6 3. Nf3 Bb4+ 4. Bd2 Bxd2+ 5. Qxd2 0-0 6. Nc3 d6 7. e4 Qe7 8. Be2 e5 9. d5 Bg4 10. h3 Bxf3 11. Bxf3 Nbd7 12. 0-0 a5 13. b3 Nc5 14. g3 g6 15. h4 Kg7 16. Kg2 h5 17. Rab1 Nh7 18. Qe3 Qe8 19. Nb5 Rc8 20. Qe2 f5 21. exf5 e4 22. Nd4 exf3+ 23. Qxf3 Qe5 24. Rbd1 gxf5 25. Rfe1 Qf6 26. Qxh5 Ne4 27. Ne6+ Kg8 1-0

[Event "Wch U16 Girls"]
[Site "Porto Carras"]
[Date "2018.10.22"]
[Round "4"]
[White "Ortega Beltran, Ximena"]
[Black "Aciu, Malina Andreea"]
[Result "0-1"]
[WhiteElo "1628"]
[BlackElo "1976"]
[PlyCount "52"]
[EventDate "2018.10.20"]
[EventType "swiss"]
[EventRounds "11"]
[EventCountry "GRE"]
[SourceTitle "CBM 187 Extra"]
[Source "ChessBase"]
[SourceDate "2018.11.04"]
[SourceVersion "1"]
[SourceVersionDate "2018.11.04"]
[SourceQuality "1"]

1. c4 e5 2. g3 c5 3. Bg2 Nc6 4. Nc3 g6 5. h4 h6 6. Nf3 Bg7 7. d3 Nge7 8. Be3 d6 9. Qc1 Be6 10. Ne4 f5 11. Nc3 Qd7 12. a3 Nd4 13. Rb1 Rc8 14. Qd2 d5 15. Bxd4 cxd4 16. cxd5 dxc3 17. bxc3 Bxd5 18. c4 Bc6 19. Qe3 Qd6 20. 0-0 b6 21. Rfc1 0-0 22. Rb3 f4 23. gxf4 exf4 24. Qd2 Nf5 25. c5 bxc5 26. Qa5 Qe6 0-1

[Event "Wch U16 Girls"]
[Site "Porto Carras"]
[Date "2018.10.21"]
[Round "3"]
[White "Aciu, Malina Andreea"]
[Black "Simkunaite, Gabija"]
[Result "1/2-1/2"]
[WhiteElo "1976"]
[BlackElo "1650"]
[PlyCount "94"]
[EventDate "2018.10.20"]
[EventType "swiss"]
[EventRounds "11"]
[EventCountry "GRE"]
[SourceTitle "CBM 187 Extra"]
[Source "ChessBase"]
[SourceDate "2018.11.04"]
[SourceVersion "1"]
[SourceVersionDate "2018.11.04"]
[SourceQuality "1"]

1. e4 c5 2. Nf3 Nc6 3. d4 cxd4 4. Nxd4 e5 5. Nb3 Nf6 6. Nc3 Bb4 7. Bd3 Bxc3+ 8. bxc3 0-0 9. Bg5 d6 10. 0-0 Be6 11. Kh1 h6 12. Bh4 g5 13. Bg3 Ne7 14. h4 Ng6 15. h5 Nf4 16. Bxf4 exf4 17. Nd4 Rc8 18. g3 Bg4 19. f3 Bh3 20. gxf4 Bxf1 21. Qxf1 Nh7 22. Nf5 Qf6 23. e5 dxe5 24. fxe5 Qe6 25. Qe1 Rc5 26. Qe4 Kh8 27. Nd4 Qh3+ 28. Kg1 f5 29. Nxf5 Rxf5 30. Qxf5 Qxf5 31. Bxf5 Rxe5 32. Bxh7 Kxh7 33. Rb1 b6 34. Kf2 Ra5 35. Rb2 Ra3 36. c4 Rc3 37. Kg3 Rxc4 38. Rb3 Rxc2 39. Ra3 a5 40. Rb3 Rc6 41. f4 Kg7 42. Rb5 Kf6 43. fxg5+ hxg5 44. Kg4 Rd6 45. Rf5+ Kg7 46. Rxg5+ Kh6 47. Rb5 Rd4+ 1/2-1/2

[Event "ROM-chT U18"]
[Site "Iasi"]
[Date "2018.07.13"]
[Round "1.2"]
[White "Bobocea, Laurentiu Vlad"]
[Black "Aciu, Malina Andreea"]
[Result "1/2-1/2"]
[WhiteElo "1937"]
[BlackElo "1961"]
[PlyCount "67"]
[EventDate "2018.07.13"]
[EventType "team-tourn"]
[EventRounds "5"]
[EventCountry "ROU"]
[SourceTitle "EXT 2019"]
[Source "ChessBase"]
[SourceDate "2018.10.10"]
[SourceVersion "1"]
[SourceVersionDate "2018.10.10"]
[SourceQuality "1"]
[WhiteTeam "Cluj Viitorul"]
[BlackTeam "Timisoara CC1"]
[WhiteTeamCountry "ROU"]
[BlackTeamCountry "ROU"]

1. d4 d5 2. c4 dxc4 3. e4 e5 4. Nf3 exd4 5. Bxc4 Nc6 6. 0-0 Be6 7. Bb5 Bc5 8. b4 Bb6 9. a4 a6 10. Bxc6+ bxc6 11. a5 Ba7 12. Qc2 Ne7 13. Ne5 Qd6 14. Nd3 0-0 15. Nd2 f5 16. Nc4 Qd8 17. Nf4 Bf7 18. exf5 Nxf5 19. Ne5 Ne7 20. Nxf7 Rxf7 21. Ne6 Qd6 22. Ng5 Rf5 23. Ne4 Qg6 24. Qc4+ Rd5 25. Ng3 Kh8 26. Bb2 h5 27. Qxa6 d3 28. Qb7 Qe8 29. Qxc7 h4 30. Ne4 Bb8 31. Qb6 Ba7 32. Qc7 Bb8 33. Qb6 Ba7 34. Qc7 1/2-1/2